| 000 | 00728nam a2200241 i 4500 | ||
|---|---|---|---|
| 001 | 8346 | ||
| 003 | ES-MaACL | ||
| 005 | 20240613093835.0 | ||
| 007 | t| | ||
| 008 | 920505s1991 sp ||||1| spa d | ||
| 020 | _a84-297-3188-1 | ||
| 080 | _a1 Ortega y Gasset | ||
| 100 | 1 |
_aOrtega y Gasset, José, _d1883-1955 _987503 |
|
| 245 | 1 | 0 |
_aOrtega y Gasset _b: Antología / _cedición de Pedro Cerezo Galán. |
| 250 | _a[1ª ed.]. | ||
| 260 |
_aBarcelona : _bPenínsula, _c1991. |
||
| 300 |
_a376, [4] p. ; _c20 cm. |
||
| 490 | 1 |
_aTextos cardinales ; _v15 |
|
| 700 | 0 |
_aCerezo Galán, Pedro, _d1935- _937504 |
|
| 830 | 0 |
_aTextos cardinales ; _v15 _9226805 |
|
| 852 |
_aES-MaACL _jL-15631 _bR.120087 |
||
| 999 |
_c8346 _d8346 |
||